Gesammelte abhandlungen zur Amerikanischen Sprach- und Alterthumskunde (Record no. 6933)

MARC details
000 -CABECERA
campo de control de longitud fija 01309nam a2200253 a 4500
001 - NÚMERO DE CONTROL
campo de control BRCA_7252
005 - FECHA Y HORA DE LA ÚLTIMA TRANSACCIÓN
campo de control 20190320205753.0
008 - DATOS DE LONGITUD FIJA--INFORMACIÓN GENERAL
campo de control de longitud fija 260112s1902----gw-abe####---#000-0#ger-#
041 ## - CÓDIGO DE LENGUA
Código de lengua del texto/banda sonora o título independiente ger
044 ## - CÓDIGO DEL PAÍS DE LA ENTIDAD EDITORA/PRODUCTORA
Código MARC del país gw
050 #4 - SIGNATURA TOPOGRÁFICA DE LA BIBLIOTECA DEL CONGRESO
Número de clasificación F1219
Número de documento/Ítem .S47 1902
100 1# - ENTRADA PRINCIPAL--NOMBRE DE PERSONA
Nombre de persona Seler, Eduard
Fechas asociadas al nombre 1849-1922.
9 (RLIN) 5287
245 10 - MENCIÓN DE TÍTULO
Título Gesammelte abhandlungen zur Amerikanischen Sprach- und Alterthumskunde
Mención de responsabilidad, etc. von Eduard Seler.
260 ## - PUBLICACIÓN, DISTRIBUCIÓN, ETC.
Lugar de publicación, distribución, etc. Berlín
Nombre del editor, distribuidor, etc. A. Asher & Co
Fecha de publicación, distribución, etc. 1902-1915
300 ## - DESCRIPCIÓN FÍSICA
Extensión 5 v.
Otras características físicas il., láminas, mapas, planos
Dimensiones 26 cm.
500 ## - NOTA GENERAL
Nota general Existencias : El ejemplar descrito carece del volúmen 4
500 ## - NOTA GENERAL
Nota general P1
501 ## - NOTA DE "CON"
Nota de “Con” Contenido: v.1 Sprachliches. Bilderschriften. Kalender und Hieroglyphenentzifferung .-- v. 2 Zur Geschichte und Volkskunde Meìxico´s. Reisewege und Ruinen. Archaologisches aus Meìxiko. Die religiosen Gesa¨nge der alten Mexikaner. 1904.-- v.3 Geschichtliches. Bilderschriften, Kalendarisches und Mythologie. Ethnographisches und Archaologisches aus Meìxico. Archaologisches und anderes aus den Maya-Landern. 1908.-- v. 5 Aus Nord-und Sudamerika. Weitere Beitrage zur Altherthumskunde Meìxico’s und der Maya-Lander. 1915.
650 14 - PUNTO DE ACCESO ADICIONAL DE MATERIA--TÉRMINO DE MATERIA
Término de materia o nombre geográfico como elemento de entrada Indios de México
Subdivisión general Idiomas
9 (RLIN) 17963
650 14 - PUNTO DE ACCESO ADICIONAL DE MATERIA--TÉRMINO DE MATERIA
Término de materia o nombre geográfico como elemento de entrada Manuscritos mexicanos
9 (RLIN) 781
651 #4 - PUNTO DE ACCESO ADICIONAL DE MATERIA--NOMBRE GEOGRÁFICO
Nombre geográfico México
Subdivisión general Antiguedades
9 (RLIN) 2765
902 ## - CATALOGADOR
Iniciales GFM
942 ## - ELEMENTOS DE PUNTO DE ACCESO ADICIONAL (KOHA)
Fuente del sistema de clasificación o colocación Library of Congress Classification
Tipo de ítem Koha Libros
Holdings
Estado de retiro Estado de pérdida Estado dañado No para préstamo Localización permanente Ubicación/localización actual Fecha de adquisición Número de inventario Total de préstamos Signatura topográfica completa Código de barras Fecha visto por última vez Precio válido a partir de Tipo de ítem Koha
El ejemplar forma parte de la colección y puede ser consultado según las políticas vigentes.       Biblioteca del Museo Franz Mayer (Rogerio Casas-Alatriste) Biblioteca del Museo Franz Mayer (Rogerio Casas-Alatriste) 26/01/2012 P1   F1219 .S47 1902 (P1) 7711 22/03/2019 22/03/2019 Libros